00596nam a22001817a 450000500170000001000150001702000270003203500130005903700130007208200080008524501310009326000450022427000630026930000240033250000190035670000210037570000180039620141119165859.0 aENG-111214 a9780199450633c1095.00 aEN-94746 bDBAD/PUB a341 aCritical international law :bpostrealism, postcolonialism and transnationlism /cedited by Prabhakar Singh [and] Benoit Mayer aNew DelhibOxford University Pressc2014 aYMCA Library building, 1 Jai Singh RoadbNew Delhie110001 axiv,365p.c23cm(Hb) aIncludes index aPrabhakar, Singh aMayer, Benoit